[Event "Senta op 21st"]
[Site "Senta"]
[Date "2017.07.24"]
[Round "1"]
[White "Abel, Istvan"]
[Black "Pajzer, Istvan"]
[Result "0-1"]
[WhiteElo "1711"]
[BlackElo "2108"]
[PlyCount "74"]
[EventDate "2017.07.24"]
[EventType "swiss"]
[EventRounds "9"]
[EventCountry "SRB"]
[SourceTitle "CBM 179 Extra"]
[Source "ChessBase"]
[SourceDate "2017.08.23"]
[SourceVersion "1"]
[SourceVersionDate "2017.08.23"]
[SourceQuality "1"]

1. e4 c5 2. c3 d5 3. Bd3 dxe4 4. Bxe4 Nf6 5. Bc2 Nc6 6. Nf3 e5 7. 0-0 Bd6 8. h3 h6 9. Re1 0-0 10. d3 b5 11. Nbd2 Bb7 12. Nf1 Nd5 13. Bb3 Bc7 14. Ng3 f5 15. c4 bxc4 16. Bxc4 Kh7 17. b3 Nf4 18. Bb2 Qf6 19. Ne2 g5 20. Kh2 Rad8 21. Qc2 Nb4 22. Qb1 Nbxd3 23. Nxf4 Nxe1 24. Nxe1 gxf4 25. Qc2 Rd7 26. Nd3 Qg6 27. Rg1 Rg7 28. Nxf4 exf4 29. Bxg7 Qxg7 30. Bd3 f3+ 31. g3 Qe5 32. Qb1 Be4 33. Qc2 Rg8 34. Bxe4 fxe4 35. a3 h5 36. h4 Rg4 37. Kh3 Qf5 0-1

[Event "Senta op 19th"]
[Site "Senta"]
[Date "2015.07.17"]
[Round "8"]
[White "Abel, Istvan"]
[Black "Mravik, Katalin"]
[Result "1-0"]
[WhiteElo "1714"]
[BlackElo "1533"]
[PlyCount "39"]
[EventDate "2015.07.11"]
[EventType "swiss"]
[EventRounds "9"]
[EventCountry "SRB"]
[SourceTitle "EXT 2016"]
[Source "ChessBase"]
[SourceDate "2015.10.08"]
[SourceVersion "1"]
[SourceVersionDate "2015.10.08"]
[SourceQuality "1"]

1. e4 d6 2. f4 Bd7 3. Nf3 e6 4. d4 g6 5. Bd3 Bg7 6. c3 a6 7. 0-0 b5 8. Nbd2 Nf6 9. h3 0-0 10. Nh4 Nh5 11. Qe1 Bc6 12. g4 Nf6 13. Ndf3 h6 14. g5 Nh7 15. Qg3 h5 16. f5 exf5 17. exf5 Bxf3 18. fxg6 fxg6 19. Nxg6 Qxg5 20. Bxg5 1-0

[Event "Senta op 19th"]
[Site "Senta"]
[Date "2015.07.15"]
[Round "6"]
[White "Abel, Istvan"]
[Black "Slavic, Nikola"]
[Result "0-1"]
[WhiteElo "1714"]
[BlackElo "1948"]
[PlyCount "88"]
[EventDate "2015.07.11"]
[EventType "swiss"]
[EventRounds "9"]
[EventCountry "SRB"]
[SourceTitle "EXT 2016"]
[Source "ChessBase"]
[SourceDate "2015.10.08"]
[SourceVersion "1"]
[SourceVersionDate "2015.10.08"]
[SourceQuality "1"]

1. e4 e5 2. f4 Bc5 3. Nf3 d6 4. Bc4 Nf6 5. Nc3 0-0 6. f5 Nc6 7. a3 a6 8. d3 h6 9. h3 Nd4 10. Nxd4 Bxd4 11. Qf3 c6 12. Be3 Bxe3 13. Qxe3 d5 14. Bb3 d4 15. Qf3 dxc3 16. bxc3 Qa5 17. Kd2 Qc5 18. g4 Nh7 19. h4 Qe7 20. Rag1 Kh8 21. g5 Bd7 22. Rh2 b5 23. Rhg2 c5 24. Bd5 Rac8 25. g6 Nf6 26. Bb7 Rcd8 27. gxf7 Rxf7 28. Rg6 c4 29. d4 exd4 30. cxd4 Bc8 31. Bxc8 Rxc8 32. e5 Qd7 33. c3 Qd5 34. Qxd5 Nxd5 35. f6 gxf6 36. e6 Rh7 37. Rf1 Re8 38. Rfg1 Rf8 39. R1g4 Ne7 40. d5 Nxg6 41. d6 Ne5 42. Rg3 Re8 43. e7 Rhxe7 44. dxe7 Rxe7 0-1

[Event "Senta op 19th"]
[Site "Senta"]
[Date "2015.07.14"]
[Round "5"]
[White "Toth, Kazmer"]
[Black "Abel, Istvan"]
[Result "1-0"]
[WhiteElo "1946"]
[BlackElo "1714"]
[PlyCount "131"]
[EventDate "2015.07.11"]
[EventType "swiss"]
[EventRounds "9"]
[EventCountry "SRB"]
[SourceTitle "EXT 2016"]
[Source "ChessBase"]
[SourceDate "2015.10.08"]
[SourceVersion "1"]
[SourceVersionDate "2015.10.08"]
[SourceQuality "1"]

1. d4 f5 2. c4 Nf6 3. Nc3 e6 4. g3 Be7 5. Bg2 0-0 6. Nf3 d6 7. 0-0 Qe8 8. a3 c6 9. b4 Qh5 10. c5 Nbd7 11. e3 Ng4 12. h3 Ngf6 13. Nh4 Qf7 14. Nf3 Ne4 15. Qc2 d5 16. Ne2 g5 17. Ne1 h5 18. f3 Nef6 19. e4 Nh7 20. e5 Kh8 21. Nd3 Rg8 22. Nf2 b6 23. Bd2 Ba6 24. Rfe1 Bc4 25. Nc1 a5 26. Nb3 a4 27. Nc1 b5 28. Ne2 Raf8 29. Qc1 Rg6 30. Nh1 Rfg8 31. Kh2 Kg7 32. Ng1 Kf8 33. Bf1 Ke8 34. Be2 Rf8 35. Qd1 f4 36. Bxc4 fxg3+ 37. Nxg3 dxc4 38. Qe2 g4 39. hxg4 hxg4 40. f4 Rh8 41. Kg2 Nhf8 42. Qe4 Rgh6 43. Be3 Rh2+ 44. Kf1 Nb8 45. Re2 Rxe2 46. N1xe2 Rh3 47. Kg2 Ng6 48. Rh1 Qh7 49. Kg1 Rxh1+ 50. Nxh1 Qg7 51. f5 Nh4 52. f6 Nf3+ 53. Kf2 Bxf6 54. exf6 Qxf6 55. Qf4 Nd7 56. Qxf6 Nxf6 57. Nhg3 Kf7 58. Nc3 Nd5 59. Nge4 Kg6 60. Nxd5 exd5 61. Nc3 Kf5 62. Ke2 Nh2 63. Bf2 Kf4 64. Nxb5 cxb5 65. c6 g3 66. Bxg3+ 1-0

[Event "Battle of Senta op-B 15th"]
[Site "Senta"]
[Date "2011.07.16"]
[Round "1"]
[White "Jovic, Slavko"]
[Black "Abel, Istvan"]
[Result "1-0"]
[WhiteElo "1957"]
[BlackElo "1551"]
[PlyCount "53"]
[EventDate "2011.07.16"]
[EventType "swiss"]
[EventRounds "9"]
[EventCountry "SRB"]
[SourceTitle "EXT 2019"]
[Source "ChessBase"]
[SourceDate "2018.10.10"]
[SourceVersion "1"]
[SourceVersionDate "2018.10.10"]
[SourceQuality "1"]

1. e4 c5 2. d4 cxd4 3. c3 dxc3 4. Nxc3 Nc6 5. Nf3 g6 6. Bc4 Bg7 7. Ng5 Ne5 8. Bb3 h6 9. Nf3 d6 10. Nxe5 Bxe5 11. 0-0 Bd7 12. Be3 Bg7 13. Qd5 Be6 14. Qxb7 Nf6 15. Bxe6 fxe6 16. e5 Nd7 17. exd6 exd6 18. Qe4 Kf7 19. Nb5 Be5 20. f4 d5 21. fxe5+ Kg7 22. Qd4 a6 23. Nd6 Rf8 24. Rxf8 Nxf8 25. Rf1 g5 26. Rf7+ Kg8 27. h4 1-0